000 00253nam a22001097a 4500
008 170116b xxu||||| |||| 00| 0 eng d
020 _a9780323066617
041 _aeng
080 _28TH
_a618.2
245 _aMATERNITY NURSING
_cLOWDERMILK
942 _2udc
_cBK
999 _c2972
_d2972